History of Syria (Record no. 2663)

MARC details
000 -LEADER
fixed length control field 00607nam a2200241 a 4500
020 ## - INTERNATIONAL STANDARD BOOK NUMBER
ISBN
082 00 - DEWEY DECIMAL CLASSIFICATION NUMBER
Classification number 956.91
Author Cutter HIT
100 ## - MAIN ENTRY--AUTHOR NAME
Author name Hitti, Philip K
245 ## - TITLE STATEMENT
Title History of Syria
Sub title Including Lebanon and Palestine
260 ## - PUBLICATION, DISTRIBUTION, ETC. (IMPRINT)
Place of publication London
Name of publisher Macmillan and Co.
Year of publication 1951
300 ## - PHYSICAL DESCRIPTION
Number of Pages 749p
500 ## - GENERAL NOTE
General note includes index and biblioraphy
505 2# - FORMATTED CONTENTS NOTE
Formatted contents note Index, Illustrations
650 ## - SUBJECT ADDED ENTRY--TOPICAL TERM
Topical Term Syria-History
942 ## - ADDED ENTRY ELEMENTS (KOHA)
Koha item type Books
700 1# -
-- Hitti, Philip K
Holdings
Collection code Home library Current library Date acquired Cost, normal purchase price Full call number Accession Number Koha item type
  Henry Martyn Institute Library Henry Martyn Institute Library 05/24/2005 0.00 956.91 HIT 00998 Books
                   Copyright © 2026 | Henry Martyn Institute | Hyderabad | TS-500052 | INDIA | Implemented by hmi.edu.in
Hit-Count:

Powered by Koha